000 00687nam a2200229Ia 4500
003 OSt
005 20260114123136.0
008 210716s1994 xx 000 0 und d
020 _a8170293979
040 _cAIMIT LIBRARY
041 _aeng
082 _a006.6
_21
_bCORJ
100 _aCorrigan, John.
_9251216
245 _aComputer graphics :
_bsecrets and solutions /
_cBy John Corrigan.
250 _a1st ed.
260 _aNew Delhi :
_bBPB Publications ,
_c1994.
300 _axxiii,338p. ;
_bPB
_c21.9 cm
650 _aComputer graphic concepts
_9251217
650 _aGraphic file formates
_9251218
650 _aComputer programs
_9251219
942 _2ddc
_cBK
_e1st
_k006.6 CORJ
999 _c182923
_d182923